خيمے کی طر ف (Record no. 185113)

MARC details
000 -LEADER
fixed length control field 00648nam a22001937a 4500
005 - DATE AND TIME OF LATEST TRANSACTION
control field 20220128111215.0
010 ## - LCCN (DPL NO)
LC control number UR-11410
020 ## - INTERNATIONAL STANDARD BOOK NUMBER
Terms of availability 200.00
International Standard Book Number 9789390789481
035 ## - SYSTEM CONTROL NUMBER
System control number U-9965
037 ## - SOURCE OF ACQUISITION
Source of stock number/acquisition DBAD/PUB
Stock number dpl
082 ## - DEWEY DECIMAL CLASSIFICATION NUMBER
Classification number 841
100 ## - MAIN ENTRY--PERSONAL NAME
Personal name عليم ا لد ين عليم
245 ## - TITLE STATEMENT
Title خيمے کی طر ف
Statement of responsibility, etc عليم ا لد ين عليم
246 ## - VARYING FORM OF TITLE
Remainder of title ‏Kheme Ki Taraf(Urdu)
Title proper/short title by Aleemuddin Aleem
260 ## - PUBLICATION, DISTRIBUTION, ETC. (IMPRINT)
Place of publication, distribution, etc Delhi
Name of publisher, distributor, etc Educational Publishing House
Date of publication, distribution, etc 2021 ء
270 ## - ADDRESS
Address 3191,Vakil Street,Kucha Pandit,Lal Kuan,
City Delhi
Postal code 110006
Telephone number 23216162
Fax number -
300 ## - PHYSICAL DESCRIPTION
Extent 192 ص
Dimensions 22 Cm(Hb)
942 ## - ADDED ENTRY ELEMENTS (KOHA)
Source of classification or shelving scheme Dewey Decimal Classification
Item type Urdu Bks
Classification part 841
Call number suffix ع ل ی
Holdings
Withdrawn status Lost status Not for loan Collection code Home library Current library Date acquired Source of acquisition Cost, normal purchase price Full call number Barcode Copy number Cost, replacement price Koha item type
    Not For Loan Non-fiction D.B.Act.Division Central Library 28/01/2022 DBAD/PUB 200.00 841 ع ل ی U-9965 1 200.00 Urdu Bks

© Delhi Public Library
Hit Counter
free hit counter